The slow process of liberalization
Uloženo v:
| Hlavní autor: | |
|---|---|
| Médium: | Kniha |
| Jazyk: | Undetermined |
| Vydáno: |
Tokyo
The Mitsui Bank, Ltd.
1967
|
| Témata: | |
| Tagy: |
Přidat tag
Žádné tagy, Buďte první, kdo otaguje tento záznam!
|
| Thư viện lưu trữ: | Trung tâm Học liệu Trường Đại học Cần Thơ |
|---|
| LEADER | 00465nam a2200169Ia 4500 | ||
|---|---|---|---|
| 001 | CTU_78884 | ||
| 008 | 210402s9999 xx 000 0 und d | ||
| 082 | |a 320.51 | ||
| 082 | |b I.25 | ||
| 100 | |a Tadashi, Iino | ||
| 245 | 4 | |a The slow process of liberalization | |
| 245 | 0 | |c Tadashi Iino | |
| 260 | |a Tokyo | ||
| 260 | |b The Mitsui Bank, Ltd. | ||
| 260 | |c 1967 | ||
| 650 | |a Liberalism political ideology | ||
| 980 | |a Trung tâm Học liệu Trường Đại học Cần Thơ | ||